000 00946nam a2200265Ia 4500
003 OSt
005 20220926020823.0
006 a|||||r|||| 00| 0
007 ta
008 220923b |||||||| |||| 00| 0 eng d
020 _a9781441973528
_c8624.7999999999993
037 _bABPL/AD/14-15/87, 10/03/2015, Ane Books Pvt Ltd
_cGeneral Book
040 _aRTL
_cRTL
_beng
041 _2eng
_aeng
082 _aX9W:8:(D6,9(B), Q1
100 _aGIUDICE Manlio Del
_9325166
245 0 _aKnowledge and the family business
_bThe governance and management of family firms in the new knowledge economy.
260 _aNew York
_bSpringer
_c2011
300 _aix,267p
_ccm.
490 _aSage Marketing In Marketing
500 _aBibliography chapterwise
650 _aCommerce
942 _hX9W:8:(D6,9(B), Q1
_cGB
_2CC
999 _c635056
_d635056